000 01127cam a22003377a 4500
003 CHAP
005 20220329142710.0
008 010920d2001 mx r 00110 spa d
010 _a86616
011 _a87588
035 _a98132
040 _cCHAP
090 _aTesis
100 0 0 _aHernández Ruíz, Erasmo.
_954585
245 1 0 _aProducción de minihelechos en diferentes sustratos
_c/por Erasmo Hernández Ruíz
260 _aChapingo, Méx. :
_bEl autor,
_c2002.
300 _a88 h. ;
_bgráfs.
502 _aTesis (Ing. Agr. Esp. en Fitotecnia) -- UACH. Departamento de Fitotecnia
590 _aALEPH
_b10
_c20130110
_lUCH01
_h1450
590 _aBATCH-UPD
_b10
_c20130110
_lUCH01
_h1748
590 _aBATCH-UPD
_b10
_c20130410
_lUCH01
_h1126
590 _aBATCH-UPD
_b10
_c20130914
_lUCH01
_h1605
590 _aCONVERSION
_b10
_c20130109
_lUCH01
_h1348
650 1 4 _aHelechos.
_953412
650 1 4 _aSustratos.
_9110789
901 _aBK
905 _aAlejandra Carrasco M.
942 _cFOLL
949 _aTesis
_bBC
_cTES
_d33724000872701
_eTS2
_fc.2
_h40251
_i98132
_si
949 _aTesis
_bBC
_cTES
_d981321
_eTS1
_h40250
_i98132
_sb
999 _c86616
_d86616